University Home | Library Home | Institutional Repository

History and trends of professional nursing. (Record no. 40353)

MARC details
000 -LEADER
fixed length control field 00712cam2a220024100 4500
001 - CONTROL NUMBER
control field zam00003091
008 - FIXED-LENGTH DATA ELEMENTS--GENERAL INFORMATION
fixed length control field 951128s1973 xx eng u
035 ## - SYSTEM CONTROL NUMBER
System control number (Sirsi) r20426
035 ## - SYSTEM CONTROL NUMBER
System control number (MACHINE)MSLC.
100 ## - MAIN ENTRY--PERSONAL NAME
Personal name Griffin, G. J.
Linkage A81789.1
245 10 - TITLE STATEMENT
Title History and trends of professional nursing.
260 ## - PUBLICATION, DISTRIBUTION, ETC.
Date of publication, distribution, etc. 1973.
591 ## -
-- Class code: CHN 420.
591 ## -
-- Course: Community health nursing.
591 ## -
-- School: S07.
591 ## -
-- Lecturer: Dr. CHIME, J.
591 ## -
-- Number of Students: 18.
949 ## - LOCAL PROCESSING INFORMATION (OCLC)
a RT31
w LC
i -19097
m MEDICAL
t BOOK
l ON-SHELF
949 ## - LOCAL PROCESSING INFORMATION (OCLC)
a RT31
w LC
i -19098
m MEDICAL
t BOOK
l ON-SHELF
900 ## - EQUIVALENCE OR CROSS-REFERENCE-PERSONAL NAME [LOCAL, CANADA]
-- MED
Field link and sequence number RT31
-- GRI
Titles and other words associated with a name 2
909 ## -
-- Book
Holdings
Withdrawn status Lost status Source of classification or shelving scheme Damaged status Not for loan Home library Current library Shelving location Total Checkouts Full call number Barcode Date last seen Copy number Price effective from Koha item type
    Library of Congress Classification     Medical Library Medical Library On Shelf   RT31 -19097 08/13/2019 1 08/13/2019 Book
    Library of Congress Classification     Medical Library Medical Library On Shelf   RT31 -19098 08/13/2019 2 08/13/2019 Book
© 2026 - The University of Zambia Library - Koha v25.11